00812nas a2200265 4500001001300000003000900013005001700022007000300039008003400042040005400076041000900130072000800139100001500147100002100162100002900183100002200212100001900234100002200253245009700275650001300372650001800385650002600403650002700429773009000456BR2011008355BR-BrBNA20231205115906.0ta230509b bl.|||p| |||| 00| 00por d aBR-BrBNAbporcBiblioteca Nacional de Agricultura a(Pt) aE161 aBerger, R.1 aSantos, A.J. dos1 aTimofeiczyk Júnior, R.1 aBittencourt, A.M.1 aSouza, V.S. de1 aEisfeld, C. de L.1 aO efeito do custo da terra na rentabilidade florestal: um estudo de caso para Santa Catarina aPINHEIRO aRENTABILIDADE aANÁLISE ECONÔMICA aPRODUÇÃO FLORESTAL0 tFloresta (Brazil)xISSN 0015-3826 g(Jul-Sep 2011), v. 41(3) p. 599-610wBR2011008355